Statistics for SAT Words Click Quiz - Z

Click here to take the quiz!

General Stats

  • This quiz has been taken 191 times
  • The average score is 12 of 15

Answer Stats

HintAnswer% Correct
Repeated sharp turnsZigzags
95%
Fertilized egg cellZygote
94%
Nothing; zeroZilch
93%
The highest pointZenith
91%
Extreme fanaticZealot
88%
The defining spirit of the timesZeitgeist
86%
Soft, gentle breezeZephyr
83%
Enthusiastic enjoymentZest
82%
Capable of jumping from animals to infect humansZoonotic
82%
Comically absurdZany
79%
Large stepped pyramidZiggurat
77%
UtopiaZion
65%
Type of rusk or thin, hard biscuitZwieback
60%
Situation where any move worsens one’s positionZugzwang
58%
Molecule with positive and negative chargesZwitterion
53%

Score Distribution

Percentile by Number Answered

Percent of People with Each Score

Your Score History

You have not taken this quiz